| 000 | 01470cpcaa2200313 a 4500 | ||
|---|---|---|---|
| 001 | mm2009085489 | ||
| 003 | DLC | ||
| 005 | 20260227111731.0 | ||
| 007 | cr ||||||||||| | ||
| 008 | 090831|||||||||||| eng | ||
| 010 | _amm2009085489 | ||
| 040 |
_aDLC _cDLC _edacs _dDLC |
||
| 072 | 7 |
_aW _2lcmd |
|
| 110 | 2 | _aLincoln Group of Chicago. | |
| 245 | 0 | 0 |
_aLincoln Group of Chicago collection relating to Abraham Lincoln, _f1903-1952 _g(bulk 1935-1939). |
| 300 |
_a75 _fitems. |
||
| 300 |
_a2 _fcontainers. |
||
| 300 |
_a0.6 _flinear feet. |
||
| 506 | 0 | _aOpen to research. | |
| 520 | 8 | _aChiefly speeches and writings by and for members of the Lincoln Group of Chicago. Also includes correspondence and other material pertaining to the acquisition of a Lincoln portrait. | |
| 545 | 1 | _aSociety composed of authors, collectors, and students of Abraham Lincoln. Organized in 1930 to encourage research on Abraham Lincoln. | |
| 546 | _aCollection material in English. | ||
| 555 | 8 |
_aFinding aid available in the Library of Congress Manuscript Reading Room and at _uhttp://hdl.loc.gov/loc.mss/eadmss.ms010122 |
|
| 600 | 1 | 0 |
_aLincoln, Abraham, _d1809-1865. |
| 856 | 4 |
_3Finding aid _uhttp://hdl.loc.gov/loc.mss/eadmss.ms010122 |
|
| 856 | 4 |
_3Finding aid (PDF) _uhttp://hdl.loc.gov/loc.mss/eadmss.ms010122.3 |
|
| 999 |
_c44807 _d44807 |
||